ბათუმის შოთა რუსთაველის სახელმწიფო უნივერსიტეტის ბიბლიოთეკა

ფიზიკური ქიმია (ბიბ.ჩანაწერი № 44517)

000 -LEADER
fixed length control field 00738nam a2200217Ia 4500
001 - CONTROL NUMBER
control field 11320
003 - CONTROL NUMBER IDENTIFIER
control field GE_BSU
008 - FIXED-LENGTH DATA ELEMENTS--GENERAL INFORMATION
fixed length control field 181216s||||||||xx |||||||||||||| ||und||
040 ## - CATALOGING SOURCE
Transcribing agency GE_BSU
080 ## - UNIVERSAL DECIMAL CLASSIFICATION NUMBER
Universal Decimal Classification number 544(075.8)
100 ## - MAIN ENTRY--PERSONAL NAME
Personal name კოკოჩაშვილი, ვიქტორ
245 ## - TITLE STATEMENT
Title ფიზიკური ქიმია
245 ## - TITLE STATEMENT
Remainder of title სახელმძღვანელო სტუდენტებისათვის
245 ## - TITLE STATEMENT
Statement of responsibility, etc. რედ: ჯ. ჯაფარიძე
260 ## - PUBLICATION, DISTRIBUTION, ETC.
Place of publication, distribution, etc. თბილისი
260 ## - PUBLICATION, DISTRIBUTION, ETC.
Name of publisher, distributor, etc. თბილისის უნ–ტის გამ–ბა.
260 ## - PUBLICATION, DISTRIBUTION, ETC.
Date of publication, distribution, etc. 1974
300 ## - PHYSICAL DESCRIPTION
Extent 439გვ.22სმ.
653 ## - INDEX TERM--UNCONTROLLED
Uncontrolled term ფიზიკური ქიმია
942 ## - ADDED ENTRY ELEMENTS (KOHA)
Koha item type წიგნი
ეგზემპლარები
Withdrawn status Lost status Damaged status Not for loan Date acquired Barcode Date last seen Price effective from Koha item type
        2018-12-17 19697 2018-12-17 2018-12-17 წიგნი